00914nam a22002297a 4500008004100000020001500041040001800056041000800074100002600082245011900108260006100227300002400288490004300312504005300355650001800408650002800426650002600454650002700480700003600507856006600543856007500609130821s1990 enk gr eng  a052139015X aCo-BoUCMbspa00aeng1 aRoth, Alvin E.d1951-10aTwo-sided matching a study in game-theoretic modeling and analysiscAlvin E. Roth y Marilda A. Oliveira Sotomayor aCambridge (Inglaterra)bCambridge University Pressc1990 axiii, 265 páginas 0aEconometric Society monographsvno. 18 aIncluye referencias bibliográficas e índice.04aMatemáticas04aModelos econométricos04aModelos matemáticos04aTeoría de los juegos1 aSotomayor, Marilda A. Oliveira.413Contenidouhttp://www.loc.gov/catdir/toc/cam026/89049114.html423Publicadoruhttp://www.loc.gov/catdir/description/cam024/89049114.html